01208nam a2200157Ia 4500008004100000082001700041100003100058245025400089260005300343365000600396630025400402730025400656942000900910999001900919952011200938100415s9999 xx 000 0 und d b11897a568.2 aCampbell Kenneth E. (ed.) aPapers in Avian Paleontology: Honoring Pierce Brodkorb : Incorporating the Proceedings of the II International Symposium of the Society of Avian Paleontology and Evolution held at the Natural History Museum of Los Angeles County 28-30 September 1988 aLOS ANGELES COUNTYc1992bNATURAL HISTORY MUSEUM b0 aPapers in Avian Paleontology: Honoring Pierce Brodkorb : Incorporating the Proceedings of the II International Symposium of the Society of Avian Paleontology and Evolution held at the Natural History Museum of Los Angeles County 28-30 September 1988 aPapers in Avian Paleontology: Honoring Pierce Brodkorb : Incorporating the Proceedings of the II International Symposium of the Society of Avian Paleontology and Evolution held at the Natural History Museum of Los Angeles County 28-30 September 1988 cBOOK c594816d594813 00104070aBNHSbBNHSd1999-01-06g0.00l0o568.2 11897pBNHS-11897r2010-04-15 00:00:00w2010-04-15yBOOK